[Event "44th Guernsey Festival 2018"]
[Site "Vale"]
[Date "2018.10.25"]
[Round "5"]
[White "Purdon, Colin"]
[Black "Grieve, Harry"]
[Result "1-0"]
[WhiteElo "2036"]
[BlackElo "2292"]
[Annotator "NA"]
[PlyCount "71"]
[EventDate "2018.10.21"]
[EventCountry "GCI"]
[SourceTitle "playchess.com"]
[Source "ChessBase"]
[SourceQuality "1"]

{[%evp 8,55,41,37,37,-11,-6,-56,-35,-66,32767,32767,32767,-65,32767,-73,32767,-62,-66,-51,-25,32767,-32,-48,32767,32767,-9,32767,32767,-95,32767,13,32767,25,32767,32767,160,122,32767,32767,25,19,83,-40,32767,-58,-18,-47,-64,-118]} 1. d4 g6 2. c4 Bg7 3. e4 Nc6 4. d5 (4. Ne2 e5 5. d5 Nd4 6. Nxd4 exd4 7. Bd3 c5 8. O-O d6 9. f4 Nf6 10. e5 Ng4 11. e6 Qh4 {0-1 (29) Agdestein,S (2628)-Svidler,P (2753) Flor & Fjaere 2014}) 4... Nd4 5. Ne2 e5 {A40: Unusual replies to 1 d4} 6. Be3 ({Günstiger ist} 6. Nbc3 $14) 6... c5 $1 7. dxc6 dxc6 8. Nbc3 {LiveBook: 7 Partien} Be6 9. Nc1 Ne7 $146 ({Predecessor:} 9... Nf6 10. f3 Nh5 11. Nb3 Qh4+ 12. Bf2 Qe7 13. Bd3 {0-1 (21) Yagupov,I (2450)-Kasimdzhanov,R (2565) Linares 1998}) 10. Bd3 O-O 11. O-O Qc7 12. Nb3 Rad8 13. Ne2 f5 14. Nbxd4 exd4 15. Bf4 Qa5 16. b4 Qxb4 17. Rb1 Qc5 18. exf5 (18. Ng3 $1 $11) 18... Bc8 19. fxg6 Nxg6 20. Bd2 Rfe8 21. Ng3 Qf8 22. Bg5 Bf6 23. Ne4 Bxg5 24. Nxg5 Qh6 25. Ne4 (25. Qd2 $16) 25... Ne5 26. Re1 (26. c5 $5 {[%cal Re4d6]}) 26... b6 27. Ng3 c5 28. Re4 $17 (28. a4 $15) 28... Bb7 29. Nf5 Qg5 30. f4 Qxf5 31. Rxe5 Qxf4 32. Qh5 Rxe5 33. Qxh7+ Kf8 34. Rf1 Qxf1+ 35. Kxf1 Re3 36. Bg6 1-0

[Event "44th Guernsey Festival 2018"]
[Site "Vale"]
[Date "2018.10.25"]
[Round "5"]
[White "Rowe, Peter"]
[Black "Waddington, Mike P"]
[Result "0-1"]
[WhiteElo "1951"]
[BlackElo "2096"]
[Annotator "NA"]
[PlyCount "79"]
[EventDate "2018.10.21"]
[EventCountry "GCI"]
[SourceTitle "playchess.com"]
[Source "ChessBase"]
[SourceQuality "1"]

1. d4 f5 2. Nf3 Nf6 3. Bf4 d6 4. h3 g6 {A80: Dutch Defence: Unusual White second moves} 5. e3 Bg7 6. Bc4 {LiveBook: 16 Games} (6. Be2 O-O 7. O-O e6 8. Bh2 Nc6 9. Nbd2 Qe7 10. c3 b6 11. b4 a5 12. Qb3 Bb7 {½-½ (42) Aronian,L (2826)-Caruana,F (2781) Zuerich 2014}) 6... e6 7. g4 d5 8. Be2 O-O $146 ({Predecessor:} 8... fxg4 9. hxg4 Nxg4 10. Qd3 e5 11. dxe5 O-O 12. Nc3 {½-½ (59) Vokac,M (2390)-Vykouk,J (2426) Ostrava 2018}) 9. gxf5 exf5 10. c4 c5 11. Nc3 Nc6 12. cxd5 cxd4 13. dxc6 dxc3 {[#]} 14. Qb3+ $1 ({Weaker is} 14. bxc3 bxc6 15. Bc4+ Nd5 $11) 14... Kh8 15. cxb7 Bxb7 16. Qxb7 Ne4 17. O-O cxb2 18. Rab1 Qa5 $18 (18... Qb6 {might work better.} 19. Ba6 Qxb7 20. Bxb7 Rae8) 19. Rxb2 Bxb2 20. Qxb2+ Nf6 21. Bc4 Qb6 22. Qa1 Rac8 23. Ne5 Rxc4 24. Nxc4 Qe6 25. Qd4 g5 26. Qd6 Qf7 27. Be5 Kg7 28. Qxf6+ Qxf6 29. Rd1 Rf7 30. Rd6 Qxe5 31. Nxe5 Rf8 32. Ra6 Rd8 33. Rxa7+ Kf6 34. Nc4 h5 35. Ra6+ Kg7 36. Nd6 f4 37. exf4 gxf4 38. Kg2 Rb8 39. Kf3 Rb2 40. Ne4 0-1

[Event "44th Guernsey Festival 2018"]
[Site "Vale"]
[Date "2018.10.25"]
[Round "5"]
[White "Strade, Arita"]
[Black "O'Connell, Denis"]
[Result "1-0"]
[WhiteElo "1846"]
[BlackElo "1783"]
[Annotator "NA"]
[PlyCount "105"]
[EventDate "2018.10.21"]
[EventCountry "GCI"]
[SourceTitle "playchess.com"]
[Source "ChessBase"]
[SourceQuality "1"]

1. e4 d5 2. exd5 Nf6 3. Be2 Nxd5 4. d4 g6 5. c4 Nf6 6. Nf3 Bg7 7. Nc3 O-O 8. O-O c6 9. h3 {LiveBook: 20 Games B01: Scandinavian Defence} e6 (9... a6 10. a4 a5 11. Bf4 Na6 12. Re1 Nb4 13. Bf1 Bf5 {½-½ (50) Rozum,I (2581)-Burmakin,V (2528) Kolkata 2018}) 10. Bg5 Qa5 $146 ({Predecessor:} 10... Qb6 11. Qd2 Rd8 12. Qf4 Nh5 13. Qh4 f6 14. Bd2 Qc7 15. Nh2 Qe7 16. g4 Rxd4 {1-0 (28) Kroll,D (1801)-Falyano,G (1830) Kolomna 2012}) 11. Qc2 Nbd7 12. Bd2 Qc7 13. Rfe1 b6 14. Bd3 Re8 15. Ne5 Nxe5 16. dxe5 $14 ({Much weaker is} 16. Rxe5 Bb7 $15) 16... Nd7 17. f4 Nc5 18. Be2 a5 19. Be3 Bf8 20. Rad1 Bb7 21. a3 Red8 22. Kh2 Rxd1 23. Rxd1 Rd8 24. Rg1 Nd7 25. Ne4 Nxe5 26. fxe5 Qxe5+ 27. g3 f5 28. Bxb6 Rd7 29. Nf2 f4 30. Qe4 fxg3+ 31. Rxg3 Bd6 32. Qxe5 Bxe5 33. Bxa5 Bxg3+ 34. Kxg3 c5 35. Nd3 Bc8 36. Nxc5 Rd4 37. Bc3 Rd6 38. b4 Kf7 39. b5 e5 40. Bxe5 Rd2 41. Bf3 Be6 42. Nxe6 Kxe6 43. Bf4 Rb2 44. a4 Rb4 45. Bd5+ Kd7 46. a5 Rb3+ 47. Kh4 Rb4 48. a6 Ra4 49. Kg5 Ra3 50. b6 Rxa6 51. b7 h6+ 52. Kxh6 g5+ 53. Kxg5 1-0

[Event "44th Guernsey Festival 2018"]
[Site "Vale"]
[Date "2018.10.25"]
[Round "5"]
[White "Brown, Geoffrey D"]
[Black "Heesen, Jos"]
[Result "1-0"]
[WhiteElo "1612"]
[BlackElo "1760"]
[Annotator "NA"]
[PlyCount "63"]
[EventDate "2018.10.21"]
[EventCountry "GCI"]
[SourceTitle "playchess.com"]
[Source "ChessBase"]
[SourceQuality "1"]

1. e4 e6 2. Nf3 d5 3. e5 c5 4. b4 Nd7 5. bxc5 Bxc5 6. d4 Be7 7. Bd3 f6 8. O-O fxe5 9. dxe5 Nc5 10. Be2 Bd7 11. Na3 a6 12. c4 Bc6 13. Qd4 Ne4 14. cxd5 Bxd5 15. Rd1 Bc5 16. Qa4+ b5 17. Nxb5 axb5 18. Bxb5+ Kf8 19. Qc2 Qb6 20. a4 Nxf2 21. Rf1 Ne7 22. Rxf2 Nf5 23. Ba3 Bxa3 24. Rxa3 Ke7 25. Rc3 Ra7 26. Qc1 h6 27. g4 Bxf3 28. Rcxf3 Nd4 29. Qa3+ Kd8 30. Rf8+ Rxf8 31. Qxf8+ Kc7 32. Rf7# 1-0

[Event "44th Guernsey Festival 2018"]
[Site "Vale"]
[Date "2018.10.26"]
[Round "6"]
[White "Hillarp Persson, Tiger"]
[Black "Korneev, Oleg"]
[Result "1/2-1/2"]
[WhiteElo "2544"]
[BlackElo "2560"]
[Annotator "TA"]
[PlyCount "31"]
[EventDate "2018.10.21"]
[EventCountry "GCI"]
[SourceTitle "playchess.com"]
[Source "ChessBase"]
[SourceQuality "1"]

{[%evp 20,31,0,-11,0,-9,0,0,0,0,0,0,12,7]} 1. Nf3 d5 2. g3 c6 3. Bg2 Bg4 4. c4 e6 5. cxd5 Bxf3 6. Bxf3 cxd5 7. O-O Nf6 8. Nc3 Nc6 9. d3 Be7 10. Bd2 {A11: English Opening: 1...c6} (10. d4 O-O 11. e3 Rc8 12. Bd2 Nd7 13. Qe2 Nb6 14. Rfd1 Qd7 15. Be1 Rfd8 16. Rac1 a6 17. Bg2 Rc7 18. h4 h6 19. Qc2 {½-½ (19) Cordova,E (2655)-Matlakov,M (2701) Moscow 2017}) 10... O-O 11. Qa4 {LiveBook: 3 Games. The position is equal.} a6 12. Rfc1 b5 13. Qd1 {Black must now prevent Nxd5.} Rc8 14. Bg2 Qb6 15. e3 h6 $146 ({Predecessor:} 15... Rfd8 16. Ne2 Rc7 17. Rc2 Rdc8 {1-0 (32) Schmuecker,M (2257)-Bausch,T (2000) Werther 2014}) 16. Ne2 1/2-1/2

[Event "44th Guernsey Festival 2018"]
[Site "Vale"]
[Date "2018.10.26"]
[Round "6"]
[White "Purdon, Colin"]
[Black "Le Roux, Jean-Pierre"]
[Result "0-1"]
[WhiteElo "2036"]
[BlackElo "2532"]
[Annotator "TA"]
[PlyCount "68"]
[EventDate "2018.10.21"]
[EventCountry "GCI"]
[SourceTitle "playchess.com"]
[Source "ChessBase"]
[SourceQuality "1"]

{[%evp 15,68,0,20,-54,-18,-7,-16,-18,-26,-69,-58,-88,-91,-95,-103,-105,-89,-93,-62,-101,-103,-108,-77,-86,-78,-90,-67,-62,-55,-74,-43,-54,-75,-227,-217,-205,-18,-20,0,0,7,-68,-79,-269,-252,-282,-257,-254,-230,-408,-421,-404,-425,-608,-604]} 1. d4 Nf6 2. c4 e6 {[%cal Be7e6,Be6d5][%mdl 32]} 3. Nc3 Bb4 4. Nf3 c5 5. g3 b6 6. Bg2 Bb7 7. d5 {E20: Nimzo-Indian: 4 g3 and 4 f3} (7. O-O cxd4 8. Qxd4 O-O 9. Nb5 Nc6 10. Qd3 d5 11. Bf4 a6 12. Nbd4 {½-½ (12) Jakovenko,D (2736)-Grischuk,A (2736) Khanty-Mansiysk 2009}) 7... exd5 8. Nh4 Ne4 $1 {[#] LiveBook: 7 Games. Threatens to win with ...d4.} 9. O-O (9. Qc2 $11) 9... Nxc3 10. bxc3 Bxc3 11. Rb1 O-O 12. cxd5 d6 13. Rb3 Bf6 $36 {[%mdl 2048] Black is on the roll.} 14. Nf5 Bc8 15. Qc2 $146 Bxf5 16. Qxf5 Nd7 17. g4 g6 18. Qc2 Bg7 19. f4 Qe7 20. e4 Rae8 21. Kh1 Bd4 22. g5 f6 {...fxg5 is the strong threat.} 23. h4 Rf7 24. Bb2 $2 (24. Ra3 $17) 24... fxg5 $19 25. hxg5 Ref8 $2 (25... Bxb2 $19 26. Qxb2 Ref8) 26. Bc1 $1 $11 Re8 27. a4 Nf8 28. Bb2 ({Better is} 28. Kh2 $11) 28... Bxb2 $15 29. Rxb2 $2 {[#]} (29. Qxb2 $17 Qd7 30. Qa3) 29... h6 $1 $19 {[%mdl 512]} 30. gxh6 Qh4+ 31. Kg1 Rxf4 ({Weaker is} 31... Qxh6 32. Qf2 $17) 32. h7+ $2 (32. Rxf4 Qxf4 33. Qc3 Qxh6 34. Rf2) 32... Nxh7 33. Rxf4 Qxf4 34. e5 (34. Rb3 $142) 34... Qe3+ {Precision: White = 38%, Black = 54%.} 0-1

[Event "44th Guernsey Festival 2018"]
[Site "Vale"]
[Date "2018.10.26"]
[Round "6"]
[White "Collins, Alan"]
[Black "Dennis, Nigel W"]
[Result "1/2-1/2"]
[WhiteElo "1650"]
[BlackElo "1801"]
[Annotator "NA"]
[PlyCount "71"]
[EventDate "2018.10.21"]
[EventCountry "GCI"]
[SourceTitle "playchess.com"]
[Source "ChessBase"]
[SourceQuality "1"]

1. f4 d5 2. Nf3 c5 3. d3 Nf6 4. g3 e6 5. Bg2 Be7 6. O-O Nc6 7. c3 O-O 8. Na3 Bd7 9. Nc2 Qc7 10. Qe1 b5 11. e4 dxe4 12. dxe4 Rab8 13. Kh1 b4 14. cxb4 Nxb4 15. Nxb4 Rxb4 16. Nd2 Bc6 17. a3 Rd4 18. e5 Qb7 19. Bxc6 Qxc6+ 20. Nf3 Ne4 21. Be3 Rd3 22. Rd1 Rfd8 23. Rxd3 Rxd3 24. Qe2 Qd5 25. Kg2 a5 26. Kh3 c4 27. Ne1 Rb3 28. Ng2 f5 29. Rd1 Rd3 30. Rc1 h6 31. Ne1 Rxe3 32. Qxe3 Bc5 33. Qf3 Nf2+ 34. Kg2 Qd2 35. Rc2 Qxe1 36. Rxf2 1/2-1/2

[Event "44th Guernsey Festival 2018"]
[Site "Vale"]
[Date "2018.10.27"]
[Round "7"]
[White "Korneev, Oleg"]
[Black "Cornelisse, John"]
[Result "1-0"]
[WhiteElo "2560"]
[BlackElo "2184"]
[Annotator "TA"]
[PlyCount "85"]
[EventDate "2018.10.21"]
[EventCountry "GCI"]
[SourceTitle "playchess.com"]
[Source "ChessBase"]
[SourceQuality "1"]

{[%evp 15,85,4,35,31,43,26,31,34,41,42,31,33,56,18,22,12,41,27,54,45,69,76,100,110,83,104,110,116,114,108,140,99,91,66,74,36,131,138,133,35,35,44,33,53,32,40,189,165,188,177,195,193,228,225,225,222,219,231,281,291,288,284,277,284,271,272,416,382,604,452,917,902]} 1. d4 Nf6 2. Nf3 e6 3. Bf4 c5 4. e3 Nc6 5. c3 Be7 6. h3 O-O 7. Nbd2 d5 8. Bd3 Bd6 {LiveBook: 11 Games. D02: 1 d4 d5 2 Nf3 sidelines, including 2...Nf6 3 g3 and 2...Nf6 3 Bf4} (8... c4 9. Bb1 b5 10. e4 dxe4 11. Nxe4 Bb7 12. Qe2 Rc8 13. O-O Nd5 14. Bg5 h6 15. Bxe7 Ncxe7 16. Nc5 Ba8 {½-½ (25) Esipenko,A (2587)-Bai,J (2579) Qinhuangdao 2018}) 9. dxc5 Bxf4 $146 ({Predecessor:} 9... Bxc5 10. O-O Re8 11. e4 e5 12. Bg5 dxe4 13. Nxe4 Be7 14. Bxf6 Bxf6 15. Qc2 h6 16. Rad1 Qe7 17. b4 b6 18. Bb5 Bb7 19. Nd6 Red8 20. Nxb7 Qxb7 21. Qe4 Rxd1 22. Bxc6 {1-0 (22) Brochet,P (2392)-Benmesbah,N (2220) Condom 2016}) 10. exf4 {[%cal Be3f4,Bf4e5][%mdl 32]} Qc7 {White has an edge.} 11. g3 e5 12. fxe5 Re8 13. Bb5 Nd7 {[%cal Bf6d7,Bd7c5,Bc5e4][%mdl 32]} 14. Kf1 Nxc5 15. Kg2 $36 {[%mdl 2048] White has the initiative.} Qb6 16. a4 {[%cal Ba2a4,Ba4a5][%mdl 32]} Bd7 17. Re1 a6 18. Bxc6 Bxc6 {[#]} 19. b4 $1 {Hoping for a5.} Ne4 20. Re3 Rad8 21. a5 Qc7 {and if ...d4 works, Black does fine.} 22. Nb3 Bd7 23. Qd4 Qc6 24. Nc5 Nxc5 25. Qxc5 Qe6 (25... Qxc5 $14 26. bxc5 Rc8) 26. Rh1 $16 Rc8 27. Nd4 ({White should try} 27. Qa7 $16) 27... Rxc5 $14 28. Nxe6 Rc4 $1 29. Nd4 Rec8 30. Ne2 Bc6 {[#]} ({Better is} 30... d4 $1 $14 31. Nxd4 (31. cxd4 Bc6+ 32. f3 Rxb4 $14) 31... Rxc3) 31. f3 $1 $18 Re8 32. Kf2 Kf8 33. Rd1 Rd8 34. Rd4 Bb5 35. Rxc4 Bxc4 {[%mdl 4096] Endgame KRB-KRN} 36. Nd4 Ke7 37. Nf5+ Kf8 38. f4 {[%cal Bf3f4,Bf4f5,Bf5f6][%mdl 32]} Rd7 39. Nd4 Re7 40. f5 Ke8 (40... b6 {keeps fighting.} 41. axb6 Rb7) 41. g4 h6 (41... Kf8 $142 42. g5 Kg8) 42. h4 Ba2 (42... b5 $142 43. axb6 Rb7) 43. f6 {Precision: White = 78%, Black = 24%.} 1-0

[Event "44th Guernsey Festival 2018"]
[Site "Vale"]
[Date "2018.10.27"]
[Round "7"]
[White "Le Roux, Jean-Pierre"]
[Black "Povah, Nigel E"]
[Result "*"]
[WhiteElo "2532"]
[BlackElo "2303"]
[Annotator "TA"]
[PlyCount "105"]
[EventDate "2018.10.21"]
[EventCountry "GCI"]
[SourceTitle "playchess.com"]
[Source "ChessBase"]
[SourceQuality "1"]

{[%evp 11,105,9,24,24,35,35,50,51,70,63,65,45,85,84,75,77,73,68,74,44,73,70,70,36,77,4,63,62,68,51,120,78,100,97,80,70,70,69,106,78,85,92,95,93,95,90,106,109,111,111,106,106,101,71,179,179,179,187,178,180,174,172,188,181,251,249,246,246,240,237,258,215,381,332,364,227,227,304,1150,1118,1254,1235,1485,1142,1395,801,1382,1267,1404,1161,1315,1317,1293,1037,916,243]} 1. d4 d5 2. Nf3 Nf6 3. c4 e6 4. Bg5 Bb4+ 5. Nbd2 O-O 6. e3 {D30: Queen's Gambit Declined: Systems without Nc3} Nbd7 {LiveBook: 9 Games} (6... c5 7. a3 Bxd2+ 8. Qxd2 cxd4 9. Nxd4 dxc4 10. Bxf6 Qxf6 11. Bxc4 Rd8 12. Qc2 e5 13. Nb5 Nc6 {1-0 (24) Krasenkow,M (2630)-Kerigan,D (2354) Kocaeli 2017}) 7. Rc1 c6 8. Bd3 {White is slightly better.} Re8 $146 ({Predecessor:} 8... Be7 9. Bxf6 Nxf6 10. O-O Re8 11. Ne5 Bf8 12. c5 g6 13. f4 Nd7 {½-½ (52) Johansson,J (2473)-Sjodahl,P (2482) Sweden 2007}) 9. O-O Be7 10. Re1 h6 11. Bh4 Nh5 12. Bxe7 Qxe7 13. e4 dxe4 14. Nxe4 Nhf6 15. Nc3 Qd6 16. c5 Qc7 17. Ne5 Rd8 18. Nc4 (18. Qf3 $16) 18... Ne8 ({Black should try} 18... b6 $1 $11) 19. Qf3 $14 Ndf6 20. Rcd1 Nd5 ({Black should play} 20... b6 $14) 21. Ne4 Qf4 22. Qe2 Qc7 23. g3 Ndf6 24. Nc3 Kf8 25. Be4 {[%cal Bd3e4,Be4f3,Bf3h5][%mdl 32]} Nd5 26. Bf3 b6 27. Ne5 Nef6 28. Rc1 b5 29. Nxd5 Nxd5 30. Bh5 g6 31. Bf3 Kg7 32. Qd2 Bd7 (32... a5 $16 {might work better.}) 33. Bxd5 $18 exd5 {[#]} 34. Qf4 $1 {[%cal Rf4f7]} Bf5 {[#]} 35. Nxg6 $1 {[%mdl 512]} Qxf4 (35... Bxg6 36. Qxc7) 36. Nxf4 Re8 37. f3 f6 (37... Bg6 $142 38. Kg2 a5) 38. Kf2 Kf7 39. Rxe8 Rxe8 40. Re1 Rxe1 41. Kxe1 {[%mdl 4096] Endgame KB-KN} a5 $2 (41... Bb1 {is a better defense.} 42. a3 a5) 42. Kd2 Ke7 43. a3 {[%cal Ba2a3,Ba3b4][%mdl 32]} Bc8 44. b4 axb4 $2 (44... a4 45. g4 Kf7) 45. axb4 {White is clearly winning.} Bf5 46. Ke3 Kf7 47. Ng2 Bd7 48. Kf4 Kg6 49. g4 Kf7 50. Ne3 Kg6 51. h4 Be6 52. Kg3 Bd7 53. f4 $2 {Precision: White = 74%, Black = 35%.} (53. h5+ Kf7 54. f4) *

[Event "44th Guernsey Festival 2018"]
[Site "Vale"]
[Date "2018.10.27"]
[Round "7"]
[White "Waddington, Mike P"]
[Black "Bolt, Graham"]
[Result "*"]
[WhiteElo "2096"]
[BlackElo "1994"]
[Annotator "NA"]
[PlyCount "102"]
[EventDate "2018.10.21"]
[EventCountry "GCI"]
[SourceTitle "playchess.com"]
[Source "ChessBase"]
[SourceQuality "1"]

{[%evp 8,80,19,26,18,1,57,47,68,20,67,47,81,27,115,94,85,65,80,67,198,177,195,19,20,-97,-109,-189,-216,32767,-200,-208,-208,-225,-201,-252,-278,-325,-320,32767,0,-323,-233,-235,-254,-236,-235,-306,-343,-323,-316,-273,-296,-269,-274,-361,-289,-464,-227,-216,-250,-222,32767,32767,-233,-254,-275,32767,-289,-278,-302,-311,32767,-229,-223]} 1. Nc3 c5 2. e4 Nc6 3. Nf3 g6 4. d4 cxd4 5. Nxd4 Bg7 6. Be3 d6 (6... Nf6 $11) 7. Qd2 Nf6 8. Be2 Bd7 9. O-O-O O-O 10. h4 {LiveBook: 18 Partien} Rc8 {B72: Sizilianisch (Drachen-Variante)} ({Better is} 10... h5 $14 11. Kb1 Rc8 12. f3 Ne5 13. Nd5 Nc4 14. Bxc4 Rxc4 15. b3 Nxd5 16. exd5 Rc5 17. Ne6 Rxc2 18. Kxc2 fxe6 19. dxe6 Qc7+ 20. Kb1 Bxe6 {0-1 (37) Dubov,D (2661)-Li,C (2750) Skopje 2015 CBM 169 [Szabo,Kr]}) 11. h5 Ne5 12. hxg6 fxg6 13. f3 Nc4 (13... a6 $14) 14. Bxc4+ $1 Rxc4 {[#]} 15. Bh6 $2 $146 (15. e5 $1 $18 {[%mdl 512]}) ({Vorgänger:} 15. Nde2 b5 16. Bh6 Rf7 17. Bxg7 Kxg7 18. Nf4 {1-0 (44) Corredor Rengifo,L (2018)-Montoya Diaz,C (2093) Medellin 2015}) 15... Nxe4 16. Nxe4 (16. Qe3 $11 Nxc3 17. Bxg7) 16... Rxd4 17. Qxd4 (17. Qe3 $17 Rxd1+ 18. Kxd1) 17... Bxd4 18. Rxd4 Rf5 19. Nc3 Bc6 20. Rdh4 Qb6 21. Bd2 h5 22. Re1 $1 Re5 23. Rf1 Rf5 $2 (23... d5 $19 24. Kb1 d4) 24. Re1 e5 25. Be3 Qd8 26. Rhh1 b6 27. Rd1 d5 28. Kb1 d4 29. Ne2 Qe7 30. Bc1 Rf7 31. Rhe1 Qc5 32. c3 {[#]} (32. Rd2 {was worth a try.}) 32... Rd7 $19 (32... d3 $142 $1 33. Ng1 (33. Rxd3 Qf2) 33... Qf2) 33. cxd4 exd4 34. Nf4 Qf5+ 35. Ka1 Rd6 36. Bd2 a5 37. Rc1 Bd7 38. Re4 Qb5 39. Rce1 h4 40. Re5 Qc6 41. Kb1 Bf5+ 42. Ka1 Rd8 43. Rc1 Qb7 44. Rce1 Qc7 45. Ne6 Bxe6 46. Rxe6 Qc2 47. Bg5 Rc8 48. a3 Qf5 49. R1e5 Qd3 50. Rxb6 Qf1+ 51. Ka2 Qc4+ *

[Event "44th Guernsey Festival 2018"]
[Site "Vale"]
[Date "2018.10.27"]
[Round "7"]
[White "Rosen, Daniel B"]
[Black "Hillarp Persson, Tiger"]
[Result "1/2-1/2"]
[WhiteElo "2081"]
[BlackElo "2544"]
[Annotator "TA"]
[PlyCount "124"]
[EventDate "2018.10.21"]
[EventCountry "GCI"]
[SourceTitle "playchess.com"]
[Source "ChessBase"]
[SourceQuality "1"]

{[%evp 11,124,13,29,1,3,3,14,0,39,68,79,16,20,11,33,0,21,44,37,34,50,51,51,31,39,10,34,30,43,24,33,29,16,31,72,38,27,14,22,0,0,0,0,-16,-17,-17,-18,-23,0,-36,-14,-14,-9,-27,-21,-21,-12,-18,-3,-3,-3,-3,-3,-3,0,-3,0,-7,0,-10,0,0,0,0,0,0,0,0,0,0,0,0,0,0,0,0,0,0,0,0,0,0,0,0,0,0,0,0,0,0,0,0,0,0,0,0,0,0,0,0,0,0,0,0,0]} 1. e4 c5 2. Nc3 a6 3. g3 b5 4. Bg2 Bb7 5. d3 e6 6. Nge2 {B23: Closed Sicilian: Lines without g3} (6. f4 Nf6 7. Nf3 d6 8. O-O Be7 9. a4 b4 10. Ne2 c4 11. b3 cxd3 12. cxd3 O-O 13. h3 Nc6 14. g4 Nd7 15. g5 {1-0 (51) Duda,J (2717)-Fedorchuk,S (2648) Katowice 2017}) 6... b4 {LiveBook: 6 Games} 7. Nb1 d5 8. O-O dxe4 9. dxe4 Qxd1 (9... Qc7 {seems wilder.} 10. Nd2 Nf6 11. a3 Nc6 12. c3 Rd8) 10. Rxd1 Nf6 $146 ({Predecessor:} 10... Nc6 11. Be3 Nf6 12. h3 Be7 13. Nd2 O-O {½-½ (32) Jones,C (2074)-James,A (1950) England 2014}) 11. f3 ({White should try} 11. Nd2 $16) 11... Nc6 12. Be3 a5 13. Nd2 Ba6 14. Bf1 Nd7 15. Nf4 {[%cal Be2f4,Bf4g2,Bg2e3][%mdl 32]} Nce5 16. Bxa6 Rxa6 17. Kf2 Be7 18. Ke2 c4 19. Ng2 Rc6 20. Bd4 O-O 21. f4 Ng6 22. Nf3 Rd8 23. Ne3 f6 24. f5 Ngf8 25. fxe6 Nxe6 26. c3 Re8 27. Kf1 Nxd4 28. Nxd4 Rcc8 $1 29. Nb5 Ne5 30. Nf5 {And now Nbd6 would win.} Rc5 31. Nxe7+ Rxe7 32. Rd8+ Kf7 33. Nd6+ {The position is equal.} Kg6 34. Rd1 Nd3 35. cxb4 Nxb4 36. a3 Nd3 37. Nxc4 Rxc4 38. R8xd3 Rcxe4 $11 {[%mdl 4096] Endgame KRR-KRR} 39. R1d2 h5 {[%cal Bh7h5,Bh5h4][%mdl 32]} 40. Kf2 h4 41. Rd4 h3 42. b4 Re3 43. bxa5 Rxa3 44. Rh4 Rxa5 45. Rxh3 Rf5+ 46. Kg2 Rfe5 47. Kf3 Kf5 48. Rh5+ g5 49. g4+ Kg6 50. Rh8 Re3+ 51. Kf2 Ra3 52. Re2 Rb7 53. Rg8+ Kf7 54. Rge8 Ra4 55. h3 Ra3 56. Kg2 Rba7 57. Kh2 Ra2 58. Kg2 R7a5 59. Kf1 Rxe2 60. Rxe2 Re5 61. Rf2 Ke6 62. Kg2 Re3 {Precision: White = 71%, Black = 48%.} 1/2-1/2

[Event "44th Guernsey Festival 2018"]
[Site "Vale"]
[Date "2018.10.27"]
[Round "7"]
[White "Havenaar, Jan"]
[Black "Purdon, Colin"]
[Result "1-0"]
[WhiteElo "2043"]
[BlackElo "2036"]
[Annotator "NA"]
[PlyCount "93"]
[EventDate "2018.10.21"]
[EventCountry "GCI"]
[SourceTitle "playchess.com"]
[Source "ChessBase"]
[SourceQuality "1"]

{[%evp 8,90,-4,-50,-52,-56,-20,-39,-33,-23,-49,-33,-5,-70,-58,-56,-55,-61,-45,-97,-75,-66,-77,-126,-39,-51,-59,-100,-60,32767,32767,-56,48,46,37,61,91,93,92,66,69,80,76,62,92,60,111,92,111,32767,32767,32767,115,0,42,0,24,33,16,32767,32767,32767,32767,32767,32767,97,32767,32767,32767,110,217,226,247,173,333,32767,32767,32767,32767,32767,32767,32767,32767,515,478]} 1. Nc3 d5 2. e4 dxe4 3. Nxe4 Nc6 4. Bc4 {A00: Irregular Openings} Nf6 (4... e6 5. Nf3 Nf6 6. Nxf6+ Qxf6 7. d4 h6 8. c3 g5 9. h3 Bg7 10. Be3 Bd7 11. Qc2 O-O-O {1-0 (36) Pridorozhni,A (2579)-Smagin,S (2551) Sochi 2016}) 5. Ng5 e6 6. Ne2 h6 7. Nf3 Bd6 $146 ({Predecessor:} 7... e5 8. O-O Bg4 9. Ne1 Na5 10. Bb3 Nxb3 11. axb3 Bc5 {½-½ (26) Ivaschenko,V (2214)-Inozemtsev,A (2128) Rostov 2010}) 8. d4 O-O 9. O-O e5 10. Bb5 ({White should play} 10. dxe5 $11 Nxe5 11. Nxe5 Bxe5 12. Bf4 Bxf4 13. Nxf4) 10... Nxd4 11. Nexd4 exd4 12. Qxd4 Bf5 13. c4 c6 14. Ba4 Ne4 15. Be3 {[#]} Re8 ({Günstiger ist} 15... Qe7 $1 $17 16. Qd1 Bg4) 16. Bc2 Qc7 17. Qd1 (17. Rae1 $15) 17... Rad8 18. Qb1 b6 19. Re1 Bh7 {[#]} (19... Bb4 $15 20. Re2 Rd7) 20. Bxh6 $1 f5 21. Be3 Bf4 22. c5 bxc5 23. Bxf4 Qxf4 24. Qc1 Qxc1 25. Raxc1 Kf8 26. h3 Re7 27. Bxe4 Rxe4 28. Rxe4 fxe4 29. Ng5 Bg8 30. b3 (30. Nxe4 $16 Rb8 31. Rxc5) 30... Rd2 (30... c4 $5) 31. Rxc5 Rxa2 32. Rxc6 Bxb3 33. Rc8+ Ke7 34. Rc7+ Kf6 35. Nxe4+ Kg6 36. g4 Bd5 37. Nc3 Ra1+ 38. Kh2 Bf7 (38... Bb3 $16) 39. h4 Be6 40. f3 a5 $18 (40... Rc1 $16 41. Kg3 Bb3 42. h5+ Kh6) 41. h5+ Kh7 42. Ne4 Kg8 43. Ng5 Re1 44. Ra7 Kf8 45. Nxe6+ Rxe6 46. Rxa5 Kf7 47. Kg3 1-0